El desarrollo de la sociología en Centroamérica: la promesa incumplida /

Se sintetiza la evolución de la Sociología en esta región desde los años setenta hasta nuestros días. Se argumenta que la etapa fundacional se caracterizó por plantear la institucionalización de la disciplina como un proyecto regional. Este se debilitó pronto y luego se perdió. El reto actual consis...

Szczegółowa specyfikacja

Zapisane w:
Opis bibliograficzny
1. autor: Rovira Más, Jorge
Format: Texto
Hasła przedmiotowe:
Etykiety: Dodaj etykietę
Nie ma etykietki, Dołącz pierwszą etykiete!

MARC

LEADER 00000 a a2200000 04500
001 43270
003
040
090 |a REV0229 (153) 2010  
100 |a Rovira Más, Jorge  
245 |a El desarrollo de la sociología en Centroamérica:  |b la promesa incumplida /  |c Jorge Rovira Mas  
520 |a Se sintetiza la evolución de la Sociología en esta región desde los años setenta hasta nuestros días. Se argumenta que la etapa fundacional se caracterizó por plantear la institucionalización de la disciplina como un proyecto regional. Este se debilitó pronto y luego se perdió. El reto actual consiste en reinventar dicho proyecto desde el presente. ¿Cuál ha sido el itinerario seguido por la Sociología en Centroamérica en su proceso de institucionalización? ¿Cómo el escenario sociopolítico de la región ha condicionado dicho derrotero? ¿Cuáles etapas pueden identificarse hasta el presente? Desde que Solari, Franco y Jutkowitz (1976) escribieron su notable obra sobre los primeros treinta años de la Sociología en América Latina, hasta el trabajo más reciente de Trindade, Garretón, Murmis, de Sierra y Reyna (2007), la Sociología latinoamericana ha ganado mucho en el conocimiento de sí misma. Pero todas estas contribuciones se han centrado prioritariamente en la ruta seguida por la disciplina en México y en el Cono Sur. El caso de Centroamérica, en cambio, es desconocido incluso para los propios centroamericanos. Este ensayo pretende aportar una interpretación en torno al desarrollo de la Sociología en esta región (aquí delimitada por las sociedades situadas entre Guatemala y Costa Rica).  
590 |a RRA/NOVIEMBRE2012  
650 |a 1. SOCIOLOGIA  
650 |a 2. CIENCIA  
650 |a 3. ANALISIS HISTORICO  
650 |a 4. AMERICA CENTRAL  
650 |a 5. COSTA RICA  
650 |a 6. GUATEMALA  
773 |g número153 ( , 2010), páginas 115-128  
999 |c 31080  |d 31080